000 00639nam a2200193 a 4500
001 60053
005 20180714061158.0
008 140415s2013 xxu 000 0 eng d
020 _a9780873898447
041 _aeng
082 _a657.458
_bART
100 1 _aARTER, DENNIS R.
245 1 0 _aHOW TO AUDIT THE PROCESS-BASED QMS
250 _a2a ed.
260 _aESTADOS UNIDOS DE AMERICA :
_bASQ,
_c2013
300 _aXIX 245
650 1 4 _aAUDITORIA INTERNA
_xMETODOLOGIA
_x
_x
_xCALIDAD TOTAL
_xADMINISTRACION
_xEVALUACION
_x
_x
_x
_xADMINISTRACION
_xEVALUACION
_x
_x
_xISO 9001
_xSTANDAR
700 1 _aCIANFRANI, CHARLES A.
_ecoaut.
999 _c60053
_d60053